<?xml version="1.0" encoding="UTF-8"?>
<collection xmlns="http://www.loc.gov/MARC21/slim">
 <record>
  <leader>00586nam a22001575a 4500</leader>
  <controlfield tag="001">EUN.um016899</controlfield>
  <controlfield tag="003">AR-BaUNS</controlfield>
  <controlfield tag="005">20050623122858.0</controlfield>
  <controlfield tag="008">041125s1994####ag############000#0#spa#d</controlfield>
  <datafield tag="245" ind1="1" ind2="0">
   <subfield code="a">Recopilación de normas y antecedentes sobre generación de energía eléctrica de origen fotovoltáico /</subfield>
   <subfield code="c">Asociación electrotécnica argentina.</subfield>
  </datafield>
  <datafield tag="260" ind1=" " ind2=" ">
   <subfield code="a">Buenos Aires,</subfield>
   <subfield code="c">1994.</subfield>
  </datafield>
  <datafield tag="300" ind1=" " ind2=" ">
   <subfield code="a">Paginación varia.</subfield>
  </datafield>
  <datafield tag="082" ind1="0" ind2="4">
   <subfield code="a">621.47</subfield>
  </datafield>
  <datafield tag="653" ind1=" " ind2=" ">
   <subfield code="a">Energia solar</subfield>
  </datafield>
  <datafield tag="110" ind1="2" ind2=" ">
   <subfield code="a">Asociación electrotécnica argentina</subfield>
   <subfield code="c">Buenos Aires.</subfield>
  </datafield>
  <datafield tag="859" ind1=" " ind2=" ">
   <subfield code="a">Ar-BaUNS</subfield>
   <subfield code="b">BIB. CENTRAL - Sector A</subfield>
   <subfield code="h">621.47</subfield>
   <subfield code="i">As57</subfield>
   <subfield code="p">103716/994</subfield>
  </datafield>
 </record>
</collection>
